Detalles MARC
| 000 -CABECERA |
| campo de control de longitud fija |
02419nam a2200313 i 4500 |
| 003 - IDENTIFICADOR DEL NÚMERO DE CONTROL |
| campo de control |
DO-SdBNP |
| 005 - FECHA Y HORA DE LA ÚLTIMA TRANSACCIÓN |
| campo de control |
20250611073819.0 |
| 007 - CAMPO FIJO DE DESCRIPCIÓN FÍSICA--INFORMACIÓN GENERAL |
| campo de control de longitud fija |
ta |
| 008 - DATOS DE LONGITUD FIJA--INFORMACIÓN GENERAL |
| campo de control de longitud fija |
240815s2023 dr d 000 j spa d |
| 020 ## - NÚMERO INTERNACIONAL ESTÁNDAR DEL LIBRO |
| Número Internacional Estándar del Libro |
9789945644586 |
| 040 ## - FUENTE DE LA CATALOGACIÓN |
| Centro catalogador/agencia de origen |
DO-SdBNP |
| Lengua de catalogación |
spa |
| Centro/agencia transcriptor |
BNPHU |
| Normas de descripción |
rda |
| 082 ## - NÚMERO DE LA CLASIFICACIÓN DECIMAL DEWEY |
| Número de edición |
22 |
| Número de documento/Ítem |
R426ma |
| 110 1# - ENTRADA PRINCIPAL--NOMBRE DE ENTIDAD CORPORATIVA |
| Nombre de entidad corporativa o nombre de jurisdicción como elemento de entrada |
República Dominicana. |
| Unidad subordinada |
Ministerio de Salud Pública |
| 9 (RLIN) |
80830 |
| 240 1# - TÍTULO UNIFORME |
| Título uniforme |
Tratamiento Preventivo para Tuberculosis / |
| 245 10 - MENCIÓN DE TÍTULO |
| Título |
Manual de procedimientos para la administración del tratamiento preventivo para tuberculosis (TPT) / |
| 264 #1 - PRODUCCIÓN, PUBLICACIÓN, DISTRIBUCIÓN, FABRICACIÓN Y COPYRIGHT |
| Producción, publicación, distribución, fabricación y copyright |
Santo Domingo : |
| Nombre del de productor, editor, distribuidor, fabricante |
Mspas, |
| Fecha de producción, publicación, distribución, fabricación o copyright |
2023. |
| 300 ## - DESCRIPCIÓN FÍSICA |
| Extensión |
69 páginas, |
| Otras características físicas |
grafícas |
| Dimensiones |
22 cm. |
| 336 ## - TIPO DE CONTENIDO |
| Fuente |
rdacontent |
| Término de tipo de contenido |
texto |
| Código de tipo de contenido |
txt |
| 337 ## - TIPO DE MEDIO |
| Fuente |
rdamedia |
| Nombre/término del tipo de medio |
sin mediación |
| Código del tipo de medio |
n |
| 338 ## - TIPO DE SOPORTE |
| Fuente |
rdacarrier |
| Nombre/término del tipo de soporte |
volumen |
| Código del tipo de soporte |
nc |
| 500 ## - NOTA GENERAL |
| Nota general |
Libro en espiral. |
| 504 ## - NOTA DE BIBLIOGRAFÍA, ETC. |
| Nota de bibliografía, etc. |
Bibliografía p: 62-64. |
| 520 ## - SUMARIO, ETC. |
| Sumario, etc. |
La tuberculosis (TB) persiste como un problema de salud pública en la República Dominicana, afectando especialmente a poblaciones clínica y socialmente vulnerables. El tratamiento preventivo de la TB (TPT) es una de las intervenciones clave recomendadas por la OMS para alcanzar las metas de la Estrategia Fin de la TB, tal como se sostuvo en la Reunión de Alto Nivel de las Naciones Unidas sobre la TB en septiembre del 2018. El Ministerio de Salud Pública y Asistencia Social a través del Viceministerio de Salud Colectiva y el Programa de Tuberculosis (PT), Programa de VIH-ITS (antigua Dirección General de Enfermedad Sexual y SIDA-DIGECITSS), Servicio Nacional de Salud (SNS) y referentes de Pediatría junto con el apoyo de Fondo Mundial ha desarrollado el presente manual para la estandarización de los procedimientos para la administración de la TPT en el país. El presente manual, es parte una estrategia nacional dotada también con herramientas de monitoreo y evaluación junto con cursos para desarrollar capacidades en el personal de salud que permitan replicar las estrategias en los diferentes niveles. Este manual establece las bases y procedimientos para una realización óptima de la TPT que contribuya en la prevención de la enfermedad y a largo plazo en la reducción de la transmisión e incidencia de la TB en la República Dominicana. |
| 590 ## - NOTA LOCAL (RLIN) |
| Nota local |
Inventariado, 2024/ YL |
| 650 #4 - PUNTO DE ACCESO ADICIONAL DE MATERIA--TÉRMINO DE MATERIA |
| Término de materia o nombre geográfico como elemento de entrada |
Tuberculosis |
| Subdivisión general |
Tratamiento |
| 9 (RLIN) |
79001 |
| 710 1# - PUNTO DE ACCESO ADICIONAL--NOMBRE DE ENTIDAD CORPORATIVA |
| Nombre de entidad corporativa o nombre de jurisdicción como elemento de entrada |
Ministerio de Salud Pública y Asistencia Social |
| 9 (RLIN) |
86348 |
| 910 ## - DATOS DE OPCIÓN DEL USUARIO (OCLC) |
| Datos de opción del usuario |
YLockward |
| 942 ## - ELEMENTOS DE PUNTO DE ACCESO ADICIONAL (KOHA) |
| Fuente del sistema de clasificación o colocación |
Dewey Decimal Classification |
| Tipo de ítem Koha |
Libro |